000 00840nas a2200265 4500
001 BR0402910
003 BR-BrBNA
005 20231205104623.0
007 ta
008 230509b bl.|||p| |||| 00| 00por d
040 _aBR-BrBNA
_bpor
_cBiblioteca Nacional de Agricultura
041 _a(Pt)
072 _aK10; P35
100 1 _aGama-Rodrigues, A.C. da
100 1 _aBarros, N.F. de
245 1 _aCiclagem de nutrientes em floresta natural e em plantios de eucalipto e de dandá no sudeste da Bahia, Brasil
650 _aEUCALIPTO
650 _aPOVOAMENTO FLORESTAL
650 _aFLORESTA TROPICAL
650 _aFERTILIDADE DO SOLO
650 _aBAHIA
773 0 _tRevista Árvore (Brazil)
_xISSN 0100-6762
_g(Mar-Apr 2002), v. 26(2) p. 193-207
_wBR0402910
909 _a202311
_bLúcia
_c55
_dLúcia Elande
942 _2AGRIS
_n0
_cANA
999 _c178993
_d178993